Acute toxicology testing (Record no. 121526)
[ view plain ]
| 000 -LEADER | |
|---|---|
| fixed length control field | 01252nam a2200325Ia 4500 |
| 082 04 - DEWEY DECIMAL CLASSIFICATION NUMBER | |
| Classification number | 615/.704/028 |
| 100 1# - MAIN ENTRY--AUTHOR NAME | |
| Personal name | Gad, Shayne C., |
| 245 10 - TITLE STATEMENT | |
| Title | Acute toxicology testing |
| 250 ## - EDITION STATEMENT | |
| Edition statement | 2nd ed. |
| 260 ## - PUBLICATION, DISTRIBUTION, ETC. (IMPRINT) | |
| Place of publication | San Diego : |
| Name of publisher | Academic Press, |
| Year of publication | c1998. |
| 300 ## - PHYSICAL DESCRIPTION | |
| Number of Pages | xvii, 534 p. : |
| Other physical details | ill. (some col.) |
| 650 #0 - SUBJECT ADDED ENTRY--TOPICAL TERM | |
| Topical Term | Alternative toxicity testing. |
| Topical Term | Acute toxicity testing. |
| 700 1# - ADDED ENTRY--PERSONAL NAME | |
| Personal name | Chengelis, Christopher P., |
| 856 40 - ELECTRONIC LOCATION AND ACCESS | |
| Uniform Resource Identifier | http://site.ebrary.com/lib/rucke/Doc?id=10206345 |
No items available.
